000 01601nam a22004337a 4500
001 000095666
003 CHAP
005 20220329143119.0
008 060502d2005 mx r 00110 spa d
010 _a92132
011 _a93104
035 _a103675
040 _cCHAP
090 _aTesis
100 0 0 _aGómez Hidalgo, Jorge Honorato.
_949762
245 1 0 _aComparación empírica de cuatro metodologías para la selección de una cartera de inversión /
_c/por Jorge Honorato Gómez Hidalgo.
260 _aChapingo, Méx. :
_bEl autor,
_c2005.
300 _a67 h. ; anexos.
502 _aTesis (Doctor en Ciencias en Economía) -- UACH. División de Ciencias Económico Administrativas
590 _aALEPH
_b10
_c20130110
_lUCH01
_h1511
590 _aBATCH-UPD
_b10
_c20130110
_lUCH01
_h0234
590 _aBATCH-UPD
_b10
_c20130110
_lUCH01
_h1121
590 _aBATCH-UPD
_b10
_c20130409
_lUCH01
_h2259
590 _aBATCH-UPD
_b10
_c20130410
_lUCH01
_h1419
590 _aBATCH-UPD
_b10
_c20130914
_lUCH01
_h1549
590 _aBATCH-UPD
_b10
_c20140324
_lUCH01
_h1456
590 _aBATCH-UPD
_b10
_c20141002
_lUCH01
_h0830
590 _aCONVERSION
_b10
_c20130109
_lUCH01
_h1351
590 _aE11695DGD
_b10
_c20130604
_lUCH01
_h0942
650 1 4 _aInversiones.
_960178
650 1 4 _aMatemáticas financieras.
_972912
856 _3Finding aid
_uhttp://10.13.5.2/tesis/103675.pdf
_zTeclea aquí
901 _aBK
905 _aLilia
942 _cCD
942 _n0
949 _aTesis
_bBC
_cTES
_d33724000985255
_eTS1
_h45049
_i103675
_sb
949 _aTesis
_bBC
_cTES
_d33724000985313
_eTS2
_fc.2
_h45050
_i103675
_sb
999 _c92132
_d92132